|
|
|
|
| LEADER |
00000nam a2200000 4500 |
| 001 |
vtls011894546 |
| 003 |
SK-MaSNL |
| 005 |
20260301185318.0 |
| 008 |
200228s2019 xo o gr 000 0 slo |
| 015 |
|
|
|a SNBA2019/11
|
| 020 |
|
|
|a 9788057008514
|q (viazané)
|
| 035 |
|
|
|a urn:nbn:sk:snk-am00dev4
|
| 035 |
|
|
|a urn:nbn:sk:snk-am3hzun
|
| 035 |
|
|
|a A1DD9C67-8166-460D-BE20-4F90E9AA4ED1
|
| 040 |
|
|
|a SNK
|b slo
|c SNK
|e rda
|
| 041 |
0 |
|
|a slo
|
| 043 |
|
|
|a e-xo---
|
| 044 |
|
|
|a xo
|c SK
|
| 072 |
|
7 |
|a 391
|x Odev, móda, ozdoby
|2 konspekt
|
| 080 |
|
|
|a 391
|2 2011
|
| 080 |
|
|
|a 437.641
|2 2011
|
| 080 |
|
|
|a (084.12)
|2 2011
|
| 100 |
1 |
|
|a Tokošová, Eva
|4 aut
|9 563118
|
| 245 |
1 |
0 |
|a Mokrohajské čaro
|b kroje v Mokrom Háji
|c Eva Tokošová, Desana Tokošová ; fotografie: Peter Pagáč, Ľubomíra Lilien Domanská, Peter Tokoš, Desana Tokošová
|
| 246 |
3 |
0 |
|a Kroje v Mokrom Háji
|
| 250 |
|
|
|a Vydanie 1.
|
| 264 |
|
1 |
|a Mokrý Háj
|b autor vlastným nákladom
|c 2019
|
| 300 |
|
|
|a 193 strán
|b fotografie,
|
| 336 |
|
|
|a text
|b txt
|2 rdacontent
|
| 336 |
|
|
|a statický obraz
|b sti
|2 rdacontent
|
| 337 |
|
|
|a bez média
|b n
|2 rdamedia
|
| 338 |
|
|
|a zväzok
|b nc
|2 rdacarrier
|
| 366 |
|
|
|e 500 kusov
|
| 650 |
0 |
7 |
|a ľudové odevy
|2 SNKPH
|9 85297
|
| 650 |
0 |
7 |
|a Ethnic costume
|2 SNKPHeng
|9 266856
|
| 651 |
|
7 |
|a Mokrý Háj (Slovensko)
|2 SNKPHgeo
|9 110166
|
| 651 |
|
7 |
|a Mokrý Háj (Slovakia)
|2 SNKPHeng
|9 502982
|
| 655 |
|
7 |
|a fotografické publikácie
|2 SNKPH
|9 70483
|
| 655 |
|
7 |
|a Photographic publication
|2 SNKPHeng
|9 266858
|
| 700 |
1 |
|
|a Tokošová, Desana
|4 aut
|4 pht
|9 563119
|
| 700 |
1 |
|
|a Pagáč, Peter
|4 pht
|9 394508
|
| 700 |
1 |
|
|a Domanská, Ľubomíra Lilien
|4 pht
|9 563120
|
| 700 |
1 |
|
|a Tokoš, Peter
|4 pht
|9 563121
|
| 919 |
|
|
|a 978-80-570-0851-4
|
| 964 |
9 |
|
|a Eva Tokošová (Mokrý Háj, Slovensko)
|
| 999 |
|
|
|c 863441
|d 865371
|
| 952 |
|
|
|a SNK
|b SNK
|y PREZ
|7 0
|p 17A1390880
|o snkSB 94698
|i snk2019/26493
|8 0
|0 0
|1 0
|4 0
|d 2019-10-17
|f 1
|l 0
|r 2025-05-14 00:00:00
|w 2026-02-24
|
| 952 |
|
|
|a SNK
|b SNK
|y VYP
|7 0
|p 17A1390881
|o snkSB 94698 D1
|i snk2019/26494
|8 0
|0 0
|1 0
|4 0
|d 2019-10-17
|l 0
|r 2026-02-24 05:18:54
|w 2026-02-24
|